| 000 | 01527nam a22003977a 4500 | ||
|---|---|---|---|
| 003 | CHAP | ||
| 005 | 20220329134939.0 | ||
| 008 | 971013s1970 r 00010 d | ||
| 010 | _a28533 | ||
| 011 | _a29505 | ||
| 035 | _a33616 | ||
| 040 | _cCHAP | ||
| 082 |
_a338.9 _bK6Y |
||
| 100 | 0 | 0 |
_aKohler, Heinz. _963635 |
| 245 | _aPlanificación y bienestar ; estudio comparativo de los sistemas capitalista y socialista | ||
| 260 |
_aBuenos Aires : _bAmorrortu, _c(1970) |
||
| 300 | _a211 p. | ||
| 490 | _aBiblioteca de economía política | ||
| 590 |
_aBATCH-UPD _b10 _c20130110 _lUCH01 _h1002 |
||
| 590 |
_aBATCH-UPD _b10 _c20130410 _lUCH01 _h0613 |
||
| 590 |
_aBATCH-UPD _b10 _c20130914 _lUCH01 _h0844 |
||
| 590 |
_aCONVERSION _b10 _c20130109 _lUCH01 _h1316 |
||
| 650 | 1 | 4 |
_aCapitalismo. _918711 |
| 650 | 1 | 4 |
_aPlanificación. _988736 |
| 650 | 1 | 4 |
_aSocialismo. _9108040 |
| 830 | 0 |
_aBiblioteca de economía política _912305 |
|
| 901 | _aBK | ||
| 942 | _cLIBRO | ||
| 949 |
_a338.9 K6Y _bBC _cLIBRO _d33724000263802 _eLIBRO _fc.5 _h32014 _i33616 _si |
||
| 949 |
_a338.9 K6Y _bBC _cLIBRO _d33724000263810 _eLIBRO _h16863 _i33616 _si |
||
| 949 |
_a338.9 K6Y _bBC _cLIBRO _d33724000263828 _eLIBRO _fc.2 _h32011 _i33616 _si |
||
| 949 |
_a338.9 K6Y _bBC _cLIBRO _d33724000263836 _eLIBRO _fc.4 _h32013 _i33616 _si |
||
| 949 |
_a338.9 K6Y _bBC _cLIBRO _d33724000263844 _eLIBRO _fc.6 _h32015 _i33616 _si |
||
| 949 |
_a338.9 K6Y _bBC _cLIBRO _d33724000263851 _eLIBRO _fc.3 _h32012 _i33616 _si |
||
| 949 |
_a338.9 K6Y _bBC _cLIBRO _d33724000749214 _eLIBRO _fc.7 _h32051 _i33616 _sb |
||
| 999 |
_c28533 _d28533 |
||